header

MS Office 2003 (Record no. 187258)

MARC details
000 -LEADER
fixed length control field 01065nam a2200265 a 4500
100 1# - MAIN ENTRY--AUTHOR NAME
Personal name Singh, Vishnu Priya.
245 10 - TITLE STATEMENT
Title MS Office 2003
260 ## - PUBLICATION, DISTRIBUTION, ETC. (IMPRINT)
Place of publication New Delhi :
Name of publisher CompuTech Publications, Ltd.,
Year of publication 2009.
300 ## - PHYSICAL DESCRIPTION
Number of Pages 216 p. :
Other physical details ill.
650 #0 - SUBJECT ADDED ENTRY--TOPICAL TERM
Topical Term Business
856 40 - ELECTRONIC LOCATION AND ACCESS
Uniform Resource Identifier http://site.ebrary.com/lib/rucke/Doc?id=10417554

No items available.

© 2026 Rongo University
Contact us: librarian | system librarian | Rongo university